| 000 | 01030nam a22003377a 4500 | ||
|---|---|---|---|
| 003 | CHAP | ||
| 005 | 20220329143801.0 | ||
| 008 | 110815s1985 mx r 00010 spa d | ||
| 010 | _a101829 | ||
| 011 | _a102801 | ||
| 020 | _a9684326254 | ||
| 035 | _a113490 | ||
| 040 | _cCHAP | ||
| 082 | 0 | 4 |
_a863 _bC15 1985 |
| 100 | 1 |
_aCampo, Ángel de. _918068 |
|
| 245 | 1 | 0 |
_aCosas vistas y cartones _c/por Ángel de Campo |
| 250 | _a6 ed. | ||
| 260 |
_aMéxico, D.F. : _bPorrúa, _c1985 |
||
| 300 | _a304 p. | ||
| 490 | _aColección de escritores mexicanos | ||
| 590 |
_aBATCH-UPD _b10 _c20130110 _lUCH01 _h1923 |
||
| 590 |
_aBATCH-UPD _b10 _c20130410 _lUCH01 _h1248 |
||
| 590 |
_aBATCH-UPD _b10 _c20130914 _lUCH01 _h0833 |
||
| 590 |
_aCONVERSION _b10 _c20130109 _lUCH01 _h1356 |
||
| 650 | 1 | 4 |
_aCuentos mexicanos. _930097 |
| 650 | 1 | 4 |
_aLiteratura mexicana. _967138 |
| 830 | 0 |
_aColección de escritores mexicanos _924792 |
|
| 901 | _aBK | ||
| 942 | _cLIBRO | ||
| 949 |
_a863 C15 1985 _bBC _cLIBRO _d33724002304322 _eLIBRO _h115576 _i113490 _sb |
||
| 999 |
_c101829 _d101829 |
||